The innovator's dilemma : (Record no. 3883)
[ view plain ]
| 000 -LEADER | |
|---|---|
| fixed length control field | 00567cam a2200169 a 4500 |
| 005 - DATE AND TIME OF LATEST TRANSACTION | |
| control field | 20250901165430.0 |
| 008 - FIXED-LENGTH DATA ELEMENTS--GENERAL INFORMATION | |
| fixed length control field | 960227s1997 maua b 001 0 eng |
| 010 ## - LIBRARY OF CONGRESS CONTROL NUMBER | |
| LC control number | 96010894 |
| 020 ## - INTERNATIONAL STANDARD BOOK NUMBER | |
| International Standard Book Number | 0875845851 (alk. paper) |
| 050 00 - LIBRARY OF CONGRESS CALL NUMBER | |
| Classification number | HD53 .C49 1997 |
| Item number | .C49 1997 |
| 082 00 - DEWEY DECIMAL CLASSIFICATION NUMBER | |
| Classification number | 658 |
| Edition information | 20 |
| 100 1# - MAIN ENTRY--PERSONAL NAME | |
| Personal name | Christensen, Clayton M. |
| 245 14 - TITLE STATEMENT | |
| Title | The innovator's dilemma : |
| Remainder of title | when new technologies cause great firms to fail / |
| Statement of responsibility, etc. | Clayton M. Christensen. |
| 260 ## - PUBLICATION, DISTRIBUTION, ETC. | |
| Place of publication, distribution, etc. | Boston, Mass. : |
| Name of publisher, distributor, etc. | Harvard Business School Press, |
| Date of publication, distribution, etc. | c1997. |
| 300 ## - PHYSICAL DESCRIPTION | |
| Extent | xxiv, 252 p. : |
| Other physical details | ill. ; |
| Dimensions | 24 cm. |
| 942 ## - ADDED ENTRY ELEMENTS (KOHA) | |
| Source of classification or shelving scheme | Library of Congress Classification |
| Withdrawn status | Lost status | Source of classification or shelving scheme | Damaged status | Not for loan | Home library | Current library | Shelving location | Date acquired | Total checkouts | Full call number | Barcode | Date last seen | Price effective from | Koha item type |
|---|---|---|---|---|---|---|---|---|---|---|---|---|---|---|
| Library of Congress Classification | Main Library | Main Library | 03/30/2021 | HD53 .C49 1997 | PIU0105862 | 03/30/2021 | 03/30/2021 | Books | ||||||
| Library of Congress Classification | Main Library | Main Library | 07/16/2024 | HD53 .C49 1997 | PIU0003920 | 07/16/2024 | 03/30/2021 | Books |